Statistics for Word Puzzles - Animals #2

Click here to take the quiz!

General Stats

  • This quiz has been taken 16,630 times
    (16,605 since last reset)
  • The average score is 10 of 20

Answer Stats

Word Puzzle Solution Animal % Correct
Fasten Shoes + Growl SoundTie + GrrrTiger
88%
Scalp Growth + Telephone SoundHair + RingHerring
79%
Pig Enclosure + No Doubt Singer StefaniPen + GwenPenguin
79%
Zed + Female UndergarmentZee + BraZebra
78%
Martial Artist Bruce + Magi GiftLee + MyrrhLemur
68%
Bicycle Honker + Badminton ObstacleHorn + NetHornet
65%
Girl's Plaything + Fish AppendageDoll + FinDolphin
64%
Singer of "The Police" + Comedian RomanoSting + RayStingray
62%
Bread from Heaven + Golfer's Ball SupportMana + TeeManatee
53%
Muslim Temple + Capital of EcuadorMosque + QuitoMosquito
49%
Bell Sound + Stop OppositeDing + GoDingo
42%
Adhesive + Hearing OrganTape + EarTapir
42%
Frontiersman Davy + A Small IslandCrockett + IsleCrocodile
39%
Milne's Silly Ol' Bear + Cellist Yo-YoPooh + MaPuma
37%
Morning Moisture + Asian CymbalDew + GongDugong
36%
Arced Toss + Mix with a SpoonLob + StirLobster
34%
Vernal Season + Johann SebastianSpring + BachSpringbok
30%
Shriner's Hat + Mother's SisterFez + AuntPheasant
27%
Quarterback Newton + Chicago Rail SystemCam + ElCamel
20%
Violate Rules + Exclamation of DiscoveryCheat + AhCheetah
11%

Score Distribution

Percentile by Number Answered

Percent of People with Each Score

Your Score History

You have not taken this quiz since the last reset